000 00769cam9a220021700 4500
001 tmp15210195
003 UPRA
005 20190823110859.0
008 950717n ua eng u
035 _a(Sirsi) r100609
035 _a(UPRA)tmp15210195
040 _cUPRA
100 2 _aAl-Khatib, Abdel Kerim.
_6A58862.1
245 1 0 _aIntroduction to Islam /
_ctr. by Ismail Kashmiri ; rev. by Dr. Badawi Abdel Latif.
260 _a[Cairo] :
_bSupreme Council for Islamic Affairs.
440 0 _aStudies in Islam series
_6S9619.1
650 0 _aIslam -- Handbooks, manuals, etc.
_xIslam -- Handbooks, manuals, etc.
_6S45280.1
949 _aBP161.2
_wlcc
_i-143400
_mMAIN
_tBOOK
_lON-SHELF
949 _aBP161.2
_wlcc
_i33729005760330
_mMAIN
_tBOOK
_lON-SHELF
004 100609
999 _c151791
_d151790